| 000 | 01230nam a2200229Ia 4500 | ||
|---|---|---|---|
| 001 | L853-36971 | ||
| 003 | IT-CnALBA | ||
| 008 | 170116s9999||||xx |||||||||||||| ||und|| | ||
| 040 |
_aIT-CnALBA _cIT-CnALBA |
||
| 041 | _aITALIANO | ||
| 100 | _aSACCHETTI FRANCO | ||
| 245 | 0 | _aNOVELLE DI F. SACCHETTI CITTADINO FIORENTINO. VOL. I. | |
| 250 | _a1a ed. | ||
| 260 |
_a VENEZIA _bTASSO G. TIP. CAL. LIT. LIBR. _c1851 [1° Ed.:1851 - Ed.Ling.Originale: 1851] |
||
| 300 | _a264 p. | ||
| 500 | _aSER MASSEO E FEDERICO II DI SICILIA. VISITA DI PARCITTADINO DA LINARI AD EDOARDO RE D'INGHILTERRA. DOMANDE DI MESSER BERNABO' SIGNORE DI MILANO AD UN ABATE. CASTRUCCIO INTERMINELLI. MESSER RIOLFO DA CAMERINO. MESSER GIOVANNI DELLA LANA E IL BUFFONE. MESSE | ||
| 501 | _aSocietà San Paolo EM - Piazza San Paolo, 14 - 12051 ALBA (CN) (non commercial uses only) ® Copyright 2017 | ||
| 520 | _aSER MASSEO E FEDERICO II DI SICILIA. VISITA DI PARCITTADINO DA LINARI AD EDOARDO RE D'INGHILTERRA. DOMANDE DI MESSER BERNABO' SIGNORE DI MILANO AD UN ABATE. CASTRUCCIO INTERMINELLI. MESSER RIOLFO DA CAMERINO. MESSER GIOVANNI DELLA LANA E IL BUFFONE. MESSE | ||
| 650 | _aNARRATIVA ITALIANA E POESIA | ||
| 942 | _cBK | ||
| 957 | _71 | ||
| 999 |
_a41743 _bSI _g Copie: 1 _c295778 _d295778 |
||